| 000 | 00680nac a2200241 a 4500 | ||
|---|---|---|---|
| 003 | CO-PeBPM | ||
| 005 | 20250218142143.0 | ||
| 007 | ta | ||
| 008 | 240613s1969c]|ck xx ||||||||||||||spaund|| | ||
| 040 |
_aCO-PeBPM _bspa _cCO-PeBPM _erda |
||
| 041 | _aspa | ||
| 082 | 0 | 4 |
_a575 C716t _222 |
| 100 | 1 | 0 |
_aColmenarejo, Víctor _eautor |
| 245 | 1 | 0 |
_aTeoría del superhombre _c/ Víctor Colmenarejo |
| 260 |
_aBarcelona,España: _bPlaza & Janes Editores _c, c1969 |
||
| 260 | _bPlaza & Janes | ||
| 300 |
_a332 páginas _c21 centímetros |
||
| 500 | _aIncluye índice | ||
| 650 | 1 | 4 |
_aEvolución _2LEMB |
| 650 | 1 | 4 |
_aHombres _2LEMB |
| 650 |
_aVida (Biología) _2LEMB |
||
| 942 |
_2ddc _cBK |
||
| 999 |
_c60539 _d60539 |
||